Nulla habita reflexione
Elmentve itt :
| Szerző: | |
|---|---|
| Dokumentumtípus: | Cikk |
| Megjelent: |
1972-02-20
|
| Sorozat: | Délmagyarország
62 No. 43 |
| Kulcsszavak: | Sütőipari Vállalat, kisipar |
| Online Access: | http://dmarchiv.bibl.u-szeged.hu/104263 |
| LEADER | 00458nab a2200157 i 4500 | ||
|---|---|---|---|
| 001 | delm104263 | ||
| 005 | 20190322082330.0 | ||
| 008 | 190322s1972 hu o 0|| hun d | ||
| 040 | |a SZTE Délmagyarország Archívum |b hun | ||
| 041 | |a hun | ||
| 100 | 1 | |a Csontos Magda | |
| 245 | 1 | 0 | |a Nulla habita reflexione |h [elektronikus dokumentum] / |c Csontos Magda |
| 260 | |c 1972-02-20 | ||
| 300 | |a 12 | ||
| 490 | 0 | |a Délmagyarország |v 62 No. 43 | |
| 695 | |a Sütőipari Vállalat, kisipar | ||